000 00687nam a2200229Ia 4500
003 OSt
005 20220923230706.0
006 a|||||r|||| 00| 0
007 ta
008 Pun
024 _a304,800
037 _cTextual
040 _aARTS
_cARTS
_bPun
041 _2Pun
_aPun
082 _aV236,4N20wM74, 153M8
100 _aਨਰੈਣ ਸਿੰਘ
245 0 _aਅਕਾਲੀ ਲਹਿਰ ਦਾ ਨਾਇਕ ਜਥੇਦਾਰ ਭਾਈ ਕਰਤਾਰ ਸਿੰਘ ਝੱਬਰ
260 _c1988
650 _aਭਾਰਤੀਯ ਇਤਿਹਾਸ
942 _hV236,4N20wM74, 153M8
_cTEXL
_2CC
999 _c386607
_d386607